Quiz più Grande di sempre sull'Italia - Statistics

Statistiche generali
  • Questo quiz è stato fatto 161 volte
    137 dall'ultimo reset
  • Il punteggio medio è 118 su 300
Statistiche sulle risposte
Domanda Risposta % Corretto
Capoluogo di regione della Campania Napoli
98%
Regione con meno abitanti Valle d'Aosta
98%
Autore del testo dell'inno italiano Goffredo Mameli
96%
Capoluogo di regione del Veneto Venezia
85%
Padre della lingua italiane e autore della Divina Commedia Dante Alighieri
79%
Celebre autore del "Decameron" Giovanni Boccaccio
79%
Edificio monumentale torinese sede del Museo del cinema Mole Antonelliana
78%
Comandante della Spedizione del Mille Giuseppe Garibaldi
77%
Regione italiana dove si trova il Massiccio del Gennargentu Sardegna
77%
Numero di paesi confinanti 6
76%
Catena montuosa più estesa sul territorio italiano Appennini
76%
Città che ospiterà i Giochi Olimpici invernali del 2026 insieme a Milano Cortina d'Ampezzo
76%
Unica regione non confinante con l'estero né affacciata sul mare Umbria
76%
Porzione del mar Mediterraneo che si estende dall'Italia fino alle coste della Corsica e della Sardegna. Mar Tirreno
75%
Città che ospita la più antica Università d'Europa Bologna
74%
Lingua più parlata nella Provincia autonoma di Bolzano Tedesco
74%
Unica squadra a non essere mai retrocessa in Serie B Inter
73%
DInastia sul trono del Regno d'Italia dal 1861 al 1946 Savoia
73%
Prima capitale del Regno d'Italia Torino
73%
Ultima regione per ordine alfabetico Veneto
72%
Massiccio montuoso più alto degli Appennini Gran Sasso
71%
Emisfero in cui si trova l'Italia Boreale
68%
Capoluogo di regione della Sardegna Cagliari
67%
Città dove è presente la Torre Pendente Pisa
67%
Famoso vulcano nei pressi di Napoli Vesuvio
67%
Lingua ufficiale Italiano
66%
Su quale isola si trovano i Nuraghi? Sardegna
66%
Isola più estesa d'Italia Sicilia
66%
Valuta utilizzata prima dell'introduzione dell'euro Lira
64%
Anno della Nascita della Repubblica Italiana 1946
63%
Numero di regioni 20
63%
Capoluogo di regione della Valle d'Aosta Aosta
63%
Cascate più alte d'Italia e d'Europa Cascate delle Marmore
63%
Capoluogo di regione della Liguria Genova
63%
Presidente del Consiglio Giorgia Meloni
63%
Celebre casa editrice modenese specializzata nella pubblicazione di figurine e fumetti Panini
63%
Capoluogo di regione del Piemonte Torino
63%
Regione con più capoluoghi di provincia Lombardia
62%
Salume trentino ottenuto affumicando la coscia del suino Speck
62%
Capoluogo di regione della Puglia Bari
61%
Storico titolo riservato al Capo di Stato della Repubblica di Venezia Doge
61%
Mare su cui si affaccia l'Italia Mar Mediterraneo
61%
Fiume che attraversa Firenze Arno
60%
Sede della Borsa Italiana Milano
60%
Santo Patrono della regione Umbria San Francesco d'Assisi
60%
Colore presenti sulla bandiera italiana Verde; bianco; rosso
60%
Prefisso telefonico +39
59%
Paese confinante con meno abitanti Città del Vaticano
59%
Anno del sequestro ed assassinio di Aldo Moro 1978
58%
Mare in cui sfocia il Po Mar Adriatico
58%
Celebre dipinto presso la Chiesa di Santa Maria delle Grazie di Milano Il Cenacolo
57%
Capoluogo di regione dell'Abruzzo L'Aquila
57%
Regione con minore densità di popolazione Valle d'Aosta
57%
Anno dell'ultima vittoria della nazionale italiana nei Mondiali di calcio 2006
56%
Regione in cui si trova il sito archeologico di Paestum Campania
56%
Fiume più lungo d'Italia Po
56%
Antico nome della città di Milano Mediolanum
55%
Montagna più alta d'Italia Monte Bianco
55%
Quotidiano con il primato per numero di copie vendute al giorno Corriere della Sera
54%
Unica provincia la cui sigla include la lettera K Crotone
54%
Azienda automobilistica fondata a Torino nel 1899 FIAT
54%
Paese confinante con più abitanti Francia
54%
Isola più a sud d'Italia Isola di Lampedusa
54%
Lago più esteso d'Italia Lago di Garda
54%
Pittore che ha affrescato la Cappella Sistina Michelangelo Buonarroti
54%
Antipasto diffuso in tutta Italia originario di Ascoli Piceno Olive ascolane
54%
Regione più estesa Sicilia
54%
Prima regione per ordine alfabetico Abruzzo
53%
Capoluogo di regione dell'Emilia-Romagna Bologna
53%
Regione in cui si trova l'Altopiano della Sila Calabria
53%
Comune con più abitanti Roma
53%
Anno di indipendenza 1861
52%
Giorno in cui si celebra la festa della liberazione dal nazifascismo 25 aprile
52%
Continente d'appartenenza geografica dell'isola di Lampedusa Africa
52%
Autore del romando storico "I promessi sposi" Alessandro Manzoni
52%
Colle su cui fu fondata Roma Palatino
52%
Regione a cui appartengono le Isole Tremiti Puglia
52%
Terzo fiume italiano per lunghezza Tevere
52%
Regione meno estesa Valle d'Aosta
52%
Colore sociale della Fiorentina Viola
52%
Provincia in cui si trova la regione delle "Cinque Terre" La Spezia
51%
Società alimentare fondata a Perugia specializzata nella produzione di cioccolato Perugina
51%
Paese confinante indipendente dal 1991 Slovenia
51%
Aeroporto con il maggiore traffico passeggeri Roma-Fiumicino
49%
Esploratore genovese che approdò in America nel 1492 Cristoforo Colombo
48%
Regione con più abitanti Lombardia
48%
Capoluogo di regione della Lombardia Milano
48%
Isola con più km di coste d'Italia Sardegna
48%
Regione con più città metropolitane Sicilia
48%
Numero di regioni a statuto speciale 5
47%
Salsa tradizionale piemontese bollente in cui si intingono verdire crude Bagna Cauda
47%
Capoluogo di regione del Molise Campobasso
47%
Manifestazione armata eversiva organizzata dal Partito Nazionale Fascista nel 1922 Marcia su Roma
47%
Capoluogo di regione della Sicilia Palermo
47%
Capoluogo di regione del Trentino-Alto Adige Trento
47%
Capoluogo di regione del Friuli-Venezia Giulia Trieste
47%
Anno di entrata in guerra dell'Italia nel Secondo conflitto mondiale 1940
46%
Paese confinante più a nord Austria
46%
Capoluogo di regione della Calabria Catanzaro
46%
Arcipelago che comprende Lipari, Vulcano e Stromboli Eolie
46%
Vulcano più alto d'Italia e d'Europa Etna
46%
Valuta Euro
46%
Squadra italiana che ha vinto più UEFA Champions League Milan
46%
Condimento tipico genovese a base di basilico, pinoli, aglio e olio Pesto
46%
Capoluogo di regione della Basilicata Potenza
46%
Capitale Roma
46%
Numero di Sovrani del Regno d'Italia (1861-1946) 4
45%
Numero di montagne italiane che superano i 4000 m 4
45%
Partito politico indipendentista fondato da Umberto Bossi Lega Nord
45%
Festival musical a cadenza annuale che si tiene dal 1951 Festival di Sanremo
44%
Autore dell'opera lirica "Nabucco" Giuseppe Verdi
44%
Secondo lago più esteso d'Italia Lago Maggiore
44%
Città protagonista di un'insurrezione cittadina tra il 18 ed il 22 marzo 1848 Milano
44%
Patrono di Milano Sant'Ambrogio
44%
Costituzione del Regno d'Italia dal 1861 al 1946 Statuto Albertino
44%
Ultimo re di Roma Tarquinio il Superbo
44%
Fondatore del fascismo e Presidente del Consiglio dal 1922 al 1943 Benito Mussolini
43%
Dittatore romano che fu assassinato il 15 marzo 44 a.C. Caio Giulio Cesare
43%
Capoluogo di regione della Toscana Firenze
43%
Regione con maggiore densità di popolazione Lombardia
43%
Band vincitrice dell'Eurovision Song Contest 2021 Måneskin
43%
Metropolitana più estesa d'Italia Metropolitana di Milano
43%
Palazzo sede del Senato Italiano Palazzo Madama
43%
Accordi che regolano ancora oggi i rapporti fra Italia e Santa Sede Patti Lateranensi
43%
Luogo di nascita di Giacomo Leopardi Recanati
43%
Autore de "Il nome della rosa" Umberto Eco
43%
Luogo di nascita del poeta Francesco Petrarca Arezzo
42%
Autore de "L'Orlando Furioso" Ludovico Ariosto
42%
Nobile famiglia che controllò gran parte della Toscana dal 1434 al 1737 Medici
42%
Regione in cui si trova l'Altopiano delle Murge Puglia
42%
Forma di governo Repubblica
42%
Capoluogo di regione del Lazio Roma
42%
Aperitico alcolico veneto a base di prosecco, bitter e seltz Spritz
42%
Regione d'origine della Fontina Valle d'Aosta
42%
Prima provincia per ordine alfabetico Agrigento
41%
Assemblea legislativa che, insieme al Senato della Repubblica, compone il Parlamento italiano Camera dei deputati
41%
Fisico e astronomo toscano considerato il padre della scienza moderna Galileo Galilei
41%
Regione italiana con più Patrimoni dell'umanità Lombardia
41%
Regione con più comuni Lombardia
41%
Presidente della Repubblica tra il 1978 ed il 1985 Sandro Pertini
41%
Autore del sonetto "A Zacinto" Ugo Foscolo
41%
Squadra con più scudetti in Serie A Juventus
40%
Capoluogo di regione dell'Umbria Perugia
40%
Soprannome della Piazza del Duomo di Pisa Piazza dei Miracoli
40%
Festa nazionale
2 giugno
39%
Numero di re di Roma (secondo la leggenda) 7
39%
Soprannome dell'Autostrada che collega Genova a Ventimiglia Autostrada dei Fiori
39%
Unica regione confinante solo con un'altra regione (estera inclusa) Calabria
39%
Concilio ecumenico svoltosi tra il 1545 ed il 1563 Concilio di Trento
39%
Associazione politica insurrezionale fondata nel 1831 da Giuseppe Mazzini Giovine Italia
39%
Fiume attraversato da Giulio Cesare nel 49 a.C. sfidando il Senato Romano Rubicone
39%
Unica regione senza autostrade Sardegna
39%
Cappella privata patavina che ospita un noto ciclo di affreschi di Giotto Cappella degli Scrovegni
38%
Prima colonia italiana in Africa Eritrea
38%
Autore della canzone "Il pescatore" Fabrizio De André
38%
Sistema di canali irrigui e navigabili, con baricentro nella città di Milano Navigli
38%
Pianura italiana più estesa Pianura Padana
38%
Presidente della Repubblica Sergio Mattarella
38%
Paese con più km di confine in comune Svizzera
38%
Regione con maggiore PIL pro-capite Trentino-Alto Adige
38%
Secondo fiume italiano per lunghezza Adige
37%
Catena montuosa che separa l'Italia dal resto d'Europa Alpi
37%
Periodo storico tra gli anni 60' e 80' caratterizzato da violenze di piazza, lotta armata e terrorismo Anni di piombo
37%
Autore della commedia "La locandiera" Carlo Goldoni
37%
Scuderia di Formula 1 con il record i Campionati piloti e costruttori vinti Ferrari
37%
Lingua ufficiale in Valle d'Aosta insieme all'italiano Francese
37%
Guerre combattute da Roma contro Cartagine fra il III e II secolo a.C. Guerre puniche
37%
Città in cui si trova la Basilica di Sant'Ambrogio Milano
37%
Celebre autore de "Il Principe" Nicolò Machiavelli
37%
Tipico piatto a base di farina di mais dell'Italia settentrionale Polenta
37%
Dolce tipico trentino a pasta arrotolata o ripiena che può essere dolce o salata Strudel
37%
Sede della mostra cinematografica più antica al mondo Venezia
37%
Anno di entrata in vigore della Costituzione 1948
36%
Capoluogo di regione delle Marche Ancona
36%
Unica città della Sicilia dotata di metropolitana Catania
36%
Partito politico che prese più voti alla prime elezioni della Repubblica Italiana Democrazia Cristiana
36%
Teatro lirico veneziano più volte distrutto dal fuoco e riedificato Gran Teatro La Fenice
36%
Santo Patrono della regione Veneto San Marco Evangelista
36%
Regione in cui si trova il Monte Terminillo Lazio
35%
Provincia con più abitanti Roma
35%
Autostrada che collega Milano a Napoli A1
34%
Simbolo presente nello stemma della Lazio Aquila
34%
Sottogenere dei film western di produzione italiana degli anni 60' e 70' Spaghetti Western
34%
Unica regione senza province Valle d'Aosta
34%
Regione sulla cui bandiera appare un leone Veneto
34%
Anno di fondazione della Roma (secondo la leggenda) 753 a.C.
33%
Lato di guidag Destra
33%
Nome del titolo della prima stesura de "I promessi sposi" Fermo e Lucia
33%
Libro resoconto dei viaggi in Asia di Marco Polo Il Milione
33%
Frutto di cui il Trentino-Alto Adige detiene il primato della produzione nazionale Mela
33%
Corsa di ciclismo nata nel 1907, detta anche la Classica di Primavera o la Classicissima Milano-Sanremo
33%
Regione italiana con più isole Sardegna
33%
Città dove si trova la Torre della Garisenda Bologna
32%
Deputato socialista assassinato dagli squadristi fascisti nel 1924 Giacomo Matteotti
32%
Ultimo film italiano vincitore del Premio Oscar al miglior film straniero La grande bellezza
32%
Azienda lombarda tra i principali operatori mondiali nel settore degli pneumatici Pirelli
32%
Unica disciplina dei Giochi Olimpici estivi dove l'Italia ha più medaglie al mondo Scherma
32%
Braccio di mare che collega il mar Tirreno al mar Ionio Stretto di Messina
32%
Regione con il migliore indice di sviluppo umano Emilia-Romagna
31%
Primo presidente della Repubblica Italiana Enrico de Nicola
31%
Nobile famiglia europea che controllò il Ducato di Ferrara dal 1471 al 1598 Este
31%
Regista del film "8½" Federico Fellini
31%
Partito fondato da Silvio Berlusconi nel 1994 Forza Italia
31%
Sistema di dighe mobili che protegge Venezia dal fenomeno dell'acqua alta MOSE
31%
Città in provincia di Siena con ben 14 torri San Gimignano
31%
Numero enclavi presenti nel territorio 2
29%
Parte del mar Mediterraneo situato tra l'Italia e la penisola balcanica Mar Adriatico
29%
Porto italiano con il maggiore flusso di merci Porto di Trieste
29%
Luogo di nascita della bandiera italiana Reggio Emilia
29%
Chiesa più grande presente in Italia Duomo di Milano
28%
Capolavoro e opera più famosa di Giuseppe Tomasi di Lampedusa Il Gattopardo
28%
Nome dell'aeroporto della città di Venezia Marco Polo
28%
Montagna sorgente del fiume Po Monviso
28%
Importante società storica informatica nata ad Ivrea Olivetti
28%
Paese natale di Gabriele D'Annunzio Pescara
28%
Colle che ospita il Comune di Roma Campidoglio
27%
Specialità genovese a base di farina, acqua, olio, sale, lievito di birra e estratto di malto Focaccia genovese
27%
Personaggio storico genovese, patriota risorgimentale e repubblicano Giuseppe Mazzini
27%
Terza isola più grande d'Italia Isola d'Elba
27%
Bacino del mar Mediterraneo, situato tra la Sicilia, l'Italia meridionale, l'Albania meridionale e la Grecia Mar Ionio
27%
Pittore famoso per le sue vedute di Venezia Canaletto
26%
Provincia con maggiore densità di popolazione Napoli
26%
Piazza dove si corre il Palio di Siena Piazza del Campo
26%
Fondatore di Roma Romolo e Remo
26%
Provincia con meno comuni Trieste
26%
Anno di ingresso nell'ONU 1955
25%
Autore de "La coscienza di Zeno" Italo Svevo
25%
Terzo lago più esteso d'Italia Lago di Como
25%
Capitale dell'Impero Romano d'Occidente dal 402 al 476 d.C Ravenna
25%
Traforo che collega Bardonecchia a Modane, in Francia Traforo del Frejus
24%
Re ucciso da Gaetano Bresci nel 1900 Umberto I
24%
Fiume che si getta nel Tevere nei pressi di Roma Aniene
23%
Vasta caldera compresa tra i comuni di Bacoli e Pozzuoli Campi Flegrei
22%
Canale che viene attraversato dal Ponte di Rialto di Venezia Canal Grande
22%
Imperatore sconfitto nella battaglia di Legnano del 1176 Federico Barbarossa
22%
Regione in cui si trova la Foresta Umbra Puglia
22%
Pasta all'uovo ripiena tipica di Bologna e Modena Tortellino
22%
Anno di ingresso nell'Unione Europea 1957
21%
Corpo militare della Repubblica Italiana, con competenze di polizia generale Arma dei Carabinieri
21%
Nome dell'exclave presente in Svizzera Campione d'Italia
21%
Ultimo italiano vincitore del Premio Nobel Giorgio Parisi
21%
Provincia con più comuni Torino
21%
Ricorrenza che si svolge a Gubbio ogni 15 maggio dal XII secolo Corsa dei Ceri
20%
Nome con cui è conosciuta la pattuglia acrobatica dell'Aeronautica Militare Italiana Frecce Tricolori
20%
Cima più alta delle Dolomiti Marmolada
20%
Circuito che ospita il Gran Premio motociclistico di San Marino e della Riviera di RImini Misano World Circuit Marco Simoncelli
20%
Provincia meno estesa Trieste
20%
Anno in cui Firenze divenne Capitale d'Italia 1865
19%
Inno nazionale Il Canto degli Italiani
19%
Giorno della Proclamazione del Regno d'Italia 17 marzo
18%
Soprannome della Repubblica di Genova, assegnato da Francesco Petrarca La Superba
18%
Ultimo papa dello Stato Pontificio Papa Pio IX
18%
Comune italiano più ad ovest Bardonecchia
17%
Regione con minore PIL pro-capite Calabria
17%
Insaccato spalmabile tipico della regione marchigiana Ciauscolo
17%
Programma più longevo della televisione italiana La domenica sportiva
17%
Squadra italiana di pallanuoto maggior successo di tutti i tempi Pro Recco Waterpolo 1913
17%
Potenza europea con cui si alleò l'Italia nella Terza Guerra d'Indipendenza Prussia
17%
Storica battaglia navale tra la Repubblica di Genova e Pisa del 1284 Battaglia della Meloria
16%
Stretto di mare che separa la Sardegna dalla Corsica Bocche di Bonifacio
16%
Castello sede dell'umiliazione di Enrico IV nei confronti di Papa Gregorio VII Castello di Canossa
16%
Unica regione senza parchi nazionali d'Italia Friuli-Venezia Giulia
16%
Piatto della cucina fiorentina a base di uno dei quattro stomaci dei bovini Lampredotto
16%
Elemento presente al centro della bandiera regionale lombarda Rosa camuna
16%
Ultima provincia per ordine alfabetico Viterbo
16%
Provincia con meno abitanti Isernia
15%
Squadra di pallacanestro più titolata d'Italia Olimpia Milano
15%
Patroni della città di Roma San Pietro; San Paolo
15%
Imperatore che fece costruire il Colosseo Vespasiano
15%
Autostrada che collega Bologna a Taranto A14
14%
Maggiore affluente del Po per lunghezza Adda
14%
Soprannome della Strada di grande comunicazione Firenze-Pisa-Livorno FI-PI-LI
14%
Importante polo chimico industriale presente nella terraferma veneziana Porto Marghera
14%
Ultimo imperatore dell'Impero Romano d'Occidente Romolo Augusto
14%
Regione sulla cui bandiera appare un cavallo alato Toscana
14%
Primo Re del Regno d'Italia (1861-1878) Vittorio Emanuele II
14%
Antica repubblica marinara campana Repubblica di Amalfi
13%
Trattato che pose fine alla millenaria Repubblica di Venezia Trattato di Campoformio
13%
Percorso soprelevato che collega Palazzo Vecchio a Palazzo Pitti Corridoio Vasariano
12%
Arcipelago che comprendere Linosa, Lampione e Lampedusa Pelagie
12%
Anno in cui si svolsero per la prima volta i Giochi Olimpici in Italia 1956
11%
Svolge la funzione di garante della Costituzione, pronunciandosi sulla conformità delle leggi a essa Corte costituzionale
11%
Vulcano sottomarino localizzato nel Tirreno meridionale e più esteso d'Europa Marsili
11%
Strada statale che collega Rimini a San Donato Milanese Strada statale 9 Via Emilia
9%
Basilica paleocristiana costruita a Ravenna celebre per i suoi mosaici Basilica di San Vitale
8%
Politico, patriota, irredentista trentino ricordato anche ne "La leggenda del Piave" Cesare Battisti
8%
Tentato colpo di Stato avvenuto in Italia durante la notte tra il 7 e l'8 dicembre 1970 Golpe Borghese
8%
Storico romano autore dell'opera "Ab Urbe condita" Tito Livio
8%
Ville della provincia di Vicenza edificate intorno alla metà del XVI secolo Ville palladiane
8%
Comune italiano più ad est Otranto
7%
Locuzione utilizzata per riferirsi alla coalizione tra DC, PSI, PSDI, PRI e PLI Pentapartito
7%
Valico che convenzionalmente divide le Alpi dagli Appennini Colle di Cadibona
6%
Statua bronzea sul fondale della baia di San Fruttuoso, tra Camogli e Portofino Cristo degli Abissi
5%
Fiume più lungo che nasce in Italia Drava
5%
Provincia con minore densità di popolazione Nuoro
5%
Provincia più estesa Sassari
5%
Lingue derivate dal latino, tra cui l'Italiano Lingue romanze
4%
Dinastia d'appartenenza di Marco Aurelio Antonini
3%
Pace che fece cessare le guerre per quarant'anni nel XV secolo Pace di Lodi
2%
Società di calcio a 5 più titolata d'Italia Luparense
1%
Nessun quiz corrispondente trovato
Distribuzione punteggi
Percentuale di utenti per punteggio
Percentile per numero di risposta
I tuoi punteggi nel tempo
Non hai fatto questo quiz dall'ultimo reset